000 01714nam a2200445 i 4500
001 76295
003 0
005 20241217151301.0
006 m o u
007 cr cn|||||||||
008 210921s2018 mx ob 001 0 spa d
020 _a9786074029925
_q(print)
035 _a(OCoLC)1280141145
040 _aFINmELB
_bspa
_erda
_cFINmELB
050 4 _aZA3088
_bG245 2018
080 _a00:37.091.322.7
082 0 4 _a028.7
_223
100 1 _aGarzón Clemente, Rebeca,
_eautora.
245 1 0 _aAlfabetización informacional :
_bsociedad, educación y organizaciones /
_cRebeca Garzón Clemente, Natalia Gomes.
264 1 _aMéxico :
_bPlaza y Valdés,
_c2018.
300 _a1 recurso en línea (127 páginas)
336 _atexto
_btxt
_2rdacontent/spa
337 _acomputadora
_bc
_2rdamedia/spa
338 _arecurso en línea
_bcr
_2rdacarrier/spa
500 _aIncluye índice.
504 _aIncluye bibliografía y anexos.
588 _aDescripción basada en metadatos suministrados por el editor y otras fuentes.
590 _aRecurso electrónico. Santa Fe, Arg.: elibro, 2021. Disponible vía World Wide Web. El acceso puede estar limitado para las bibliotecas afiliadas a elibro.
650 0 _aInformation literacy.
650 4 _aAlfabetización informacional.
655 4 _aLibros electrónicos.
700 1 _aGomes, Natalia,
_eauotra.
710 1 _aUniversidad Autónoma de Chiapas (UNACH),
_ecolaborador.
797 2 _aelibro, Corp.
856 4 0 _uhttps://elibro.net/ereader/politecnicointernacional/129988
942 _cLIBROS
999 _c76295
_d76295